书目信息 |
| 题名: |
银幕歌声
|
|
| 作者: | ;人民音乐出版社编辑部 编 | |
| 分册: | 第4集 | |
| 出版信息: | 北京 人民音乐出版社 1980 |
|
| 页数: | 91页 | |
| 开本: | 19cm | |
| 丛书名: | ||
| 单 册: | ||
| 中图分类: | J642.4 | |
| 科图分类: | ||
| 主题词: | 电影歌曲--中国--现代--选集 | |
| 电子资源: | ||
| ISBN: | ||
| 000 | 00682nam0 2200217 45 | |
| 001 | 0185016090 | |
| 005 | 20060508092422.43 | |
| 010 | @dCNY0.26 | |
| 100 | @a19951102d1980 em y0chiy0121 ea | |
| 101 | 0 | @achi |
| 102 | @aCN@b110000 | |
| 105 | @af z 000yy | |
| 200 | 10 | @a银幕歌声@Ayin mu ge sheng@h第4集@f人民音乐出版社编辑部编@Fren min yin yue chu ban she bian ji bu bian |
| 210 | @a北京@c人民音乐出版社@d1980 | |
| 215 | @a91页@c剧照@d19cm | |
| 606 | @a电影歌曲@y中国@z现代@x选集 | |
| 690 | @aJ642.4@v3 | |
| 711 | 02 | @a人民音乐出版社编辑部@4编@Aren min yin yue chu ban she bian ji bu |
| 801 | 0 | @aCN@bTSSF@c20060508 |
| 801 | 2 | @aCN@bNLC@c20060429 |
| 905 | @a10447@dJ642.4@e41:4 | |
| 银幕歌声.第4集/人民音乐出版社编辑部编.-北京:人民音乐出版社,1980 |
| 91页:剧照;19cm |
| ISBN :CNY0.26 |
| ● |
| 相关链接 |
|
|
|
|
正题名:银幕歌声
索取号:J642.4/41:4
 
预约/预借
| 序号 | 登录号 | 条形码 | 馆藏地/架位号 | 状态 | 备注 |
| 1 | 0036492 | 202294640 | 密集书库/ [索取号:J642.4/41:4] | 在馆 | |
| 2 | 0036494 | 202294034 | 密集书库/ [索取号:J642.4/41:4] | 在馆 |